Dictionnaire de la chimie et de ses applications. (Record no. 25088)
[ view plain ]
| 000 -LEADER | |
|---|---|
| fixed length control field | 00442 a2200193 4500 |
| 020 ## - NUMERO INTERNATIONAL NORMALISE DES LIVRES | |
| International Standard Book Number | 2-85206-026-4. |
| 130 ## - VEDETTE PRINCIPALE - TITRE UNIFORME | |
| Language of a work | Fr. |
| 100 ## - VEDETTE PRINCIPALE - NOM DE PERSONNE | |
| Personal name | DUVAL, C. |
| 260 ## - PUBLICATION, DISTRIBUTION, ETC. (IMPRINT) | |
| Name of publisher, distributor, etc | Technique et Documentation (Lavoisier). |
| 245 ## - TITLE STATEMENT | |
| Title | Dictionnaire de la chimie et de ses applications. |
| 260 ## - PUBLICATION, DISTRIBUTION, ETC. (IMPRINT) | |
| Place of publication, distribution, etc | Paris. |
| 260 ## - PUBLICATION, DISTRIBUTION, ETC. (IMPRINT) | |
| Date of publication, distribution, etc | 1978 |
| 250 ## - EDITION STATEMENT | |
| Edition statement | 3ème éd. |
| 300 ## - PHYSICAL DESCRIPTION | |
| Extent | XV-1087p. |
| 690 ## - LOCAL SUBJECT ADDED ENTRY--TOPICAL TERM (OCLC, RLIN) | |
| Topical term or geographic name as entry element | CHIMIE. |
| 700 1# - ADDED ENTRY--PERSONAL NAME | |
| Personal name | DUVAL, R. |
| Withdrawn status | Lost status | Damaged status | Not for loan | Location (home branch) | Sublocation or collection (holding branch) | Date acquired | Koha issues (times borrowed) | Koha full call number | Koha date last seen | Copy number | Price effective from | Koha item type | Public note |
|---|---|---|---|---|---|---|---|---|---|---|---|---|---|
| Bibliothèque-Centre de Documentation de la Faculté des Sciences Agronomiques | Bibliothèque-Centre de Documentation de la Faculté des Sciences Agronomiques | U.0050 | 28/02/2009 | 1 | 28/02/2009 | Livre | A.03068 |